[Event "C.to Provinciale CO"]
[Site "Como ITA"]
[Date "2012.01.21"]
[Round "1"]
[White "Bassoli, Andrea D."]
[Black "Guzzetti, Luigi Enrico"]
[WhiteElo "1518"]
[BlackElo "1905"]
[Result "0-1"]
[PlyCount "62"]
[EventDate "2012.01.21"]

1. e4 c5 2. Nf3 e6 3. d4 cxd4 4. Nxd4 a6 5. Nc3 Qc7 6. Be2 Nf6 7. O-O Nc6 8. a3
Be7 9. Be3 d6 10. b4 Nxb4 11. Bb5+ Nc6 12. Bxc6+ bxc6 13. Na4 c5 14. Nf3 Nxe4
15. c4 O-O 16. Qc2 Bb7 17. Rac1 Nf6 18. Nd2 Bc6 19. Nb2 Rab8 20. f3 Qa5 21. a4
Rb4 22. Nb3 Qb6 23. a5 Qb7 24. Rb1 Rxb3 25. Nd3 Rb8 26. Rxb3 Qxb3 27. Qxb3 Rxb3
28. Rd1 Rc3 29. Bg5 Rxc4 30. Rb1 Bb5 31. Rd1 Rd4 0-1

[Event "C.to Provinciale CO"]
[Site "Como ITA"]
[Date "2012.01.21"]
[Round "1"]
[White "Cacia, Vincenzo"]
[Black "Falchi, Claudio"]
[WhiteElo "1392"]
[BlackElo "1777"]
[Result "0-1"]
[PlyCount "106"]
[EventDate "2012.01.21"]

1. e4 e6 2. Bc4 d5 3. Bd3 dxe4 4. Bxe4 Nf6 5. d3 Nxe4 6. dxe4 Qxd1+ 7. Kxd1 e5
8. c3 Bc5 9. Ke2 Be6 10. Nf3 Bc4+ 11. Ke1 Nc6 12. b3 Be6 13. h3 f6 14. Ke2
O-O-O 15. Na3 Rd7 16. Nc4 Rhd8 17. Bd2 Bxc4+ 18. bxc4 Na5 19. Be3 Bxe3 20. Kxe3
Rd3+ 21. Ke2 Rxc3 22. Rhc1 Rxc4 23. Ke3 Ra4 24. Nd2 Ra3+ 25. Ke2 Rad3 26. Rc2
Nc6 27. Rac1 Ra3 28. Nb3 Rxb3 29. axb3 Nd4+ 30. Ke3 Nxc2+ 31. Rxc2 c6 32. Rc4
Kc7 33. g3 b5 34. Rc3 Kb6 35. f4 Rd4 36. g4 c5 37. g5 b4 38. Rc2 Kb5 39. h4 c4
40. bxc4+ Rxc4 41. Rb2 a5 42. f5 a4 43. g6 Rc3+ 44. Ke2 h6 45. Rd2 Rc7 46. Rd5+
Kc4 47. Kd2 Kb3 48. Rd3+ Kb2 49. Rd8 a3 50. Ra8 a2 51. h5 a1=Q 52. Rxa1 Kxa1
53. Kd3 b3 0-1

[Event "C.to Provinciale CO"]
[Site "Como ITA"]
[Date "2012.01.21"]
[Round "1"]
[White "Colombo, Luca"]
[Black "Crippa, Matteo"]
[WhiteElo "1887"]
[BlackElo "1508"]
[Result "1-0"]
[PlyCount "95"]
[EventDate "2012.01.21"]

1. e4 c6 2. d4 d5 3. Nc3 dxe4 4. Nxe4 Nf6 5. Nxf6+ gxf6 6. Bc4 Bf5 7. Nf3 e6 8.
Qe2 Nd7 9. c3 Qc7 10. Nh4 Bg6 11. g3 O-O-O 12. Bf4 Bd6 13. Bxd6 Qxd6 14. O-O-O
Nb6 15. Bb3 Rhe8 16. Qf3 e5 17. Nf5 Qd7 18. Ng7 e4 19. Qxf6 Re7 20. h4 h5 21.
Rhe1 Qd6 22. Qg5 Nd5 23. Nf5 Bxf5 24. Qxf5+ Kb8 25. Rxe4 Rde8 26. Rde1 Qg6 27.
Qxg6 fxg6 28. Rxe7 Rxe7 29. Rxe7 Nxe7 30. Bf7 Kc7 31. Kd2 Kd6 32. Bb3 Nf5 33.
Kd3 Ke7 34. Ke4 Kf6 35. Kf4 Nd6 36. f3 Nf5 37. Bc2 Nd6 38. g4 hxg4 39. fxg4 Nc4
40. b3 Nd6 41. c4 Nf7 42. g5+ Kg7 43. Ke4 Nd8 44. Ke5 Kf7 45. d5 c5 46. Kd6 b6
47. Kd7 Nb7 48. Kc7 1-0

[Event "C.to Provinciale CO"]
[Site "Como ITA"]
[Date "2012.01.21"]
[Round "1"]
[White "Coppola, Guido"]
[Black "Corti, Filippo"]
[WhiteElo "1987"]
[BlackElo "1673"]
[Result "1-0"]
[PlyCount "105"]
[EventDate "2012.01.21"]

1. e4 c6 2. d4 d5 3. e5 Bf5 4. Bd3 Bxd3 5. Qxd3 e6 6. Ne2 Nd7 7. O-O Ne7 8. Bg5
Qb6 9. Nd2 c5 10. c3 Nc6 11. c4 Nb4 12. Qc3 cxd4 13. Nxd4 Nxe5 14. a3 Nbc6 15.
Nxc6 Nxc6 16. cxd5 exd5 17. Rae1+ Kd7 18. Qh3+ Kc7 19. Qf5 f6 20. Bf4+ Bd6 21.
Bxd6+ Kxd6 22. Re6+ Kc7 23. Qxd5 Rad8 24. Qe4 Rd4 25. Qc2 Rhd8 26. Nf3 R4d7 27.
h3 Kb8 28. Rfe1 Nd4 29. Nxd4 Qxd4 30. Re7 Rxe7 31. Rxe7 Qd1+ 32. Qxd1 Rxd1+ 33.
Kh2 Rd2 34. Rxg7 Rxf2 35. Rxh7 Rxb2 36. Rf7 Ra2 37. h4 Rxa3 38. h5 Ra5 39. g4
Rg5 40. Kg3 a5 41. Rxf6 Rg8 42. h6 a4 43. Rb6 a3 44. Rb3 Rg6 45. Rxa3 Rxh6 46.
g5 Rg6 47. Kg4 Rc6 48. Kh5 b5 49. g6 Rc5+ 50. Kh6 Rc1 51. Rb3 Rh1+ 52. Kg7 Rh5
53. Kf6 1-0

[Event "C.to Provinciale CO"]
[Site "Como ITA"]
[Date "2012.01.21"]
[Round "1"]
[White "Ghelfi, Giancarlo"]
[Black "Bellotto, Stefano"]
[WhiteElo "1689"]
[BlackElo "2000"]
[Result "0-1"]
[PlyCount "44"]
[EventDate "2012.01.21"]

1. e4 c5 2. Nf3 e6 3. d4 cxd4 4. Nxd4 a6 5. Nc3 Qc7 6. Be2 Nf6 7. a3 b5 8. O-O
Bb7 9. f3 Bc5 10. Kh1 O-O 11. Qd3 Nc6 12. Be3 Ne5 13. Qd2 Rac8 14. h3 Nh5 15.
Bf2 Ng6 16. Qg5 Bxd4 17. Bxd4 Ng3+ 18. Kg1 Nxf1 19. Kxf1 Qf4 20. Qh5 f5 21. Bd3
fxe4 22. Ne2 Qf7 0-1

[Event "C.to Provinciale CO"]
[Site "Como ITA"]
[Date "2012.01.21"]
[Round "1"]
[White "Gonella, Graziano"]
[Black "Lancianese, Giuseppe"]
[WhiteElo "1214"]
[BlackElo "1730"]
[Result "0-1"]
[PlyCount "90"]
[EventDate "2012.01.21"]

1. d4 Nf6 2. c4 e5 3. e3 exd4 4. exd4 Be7 5. Nf3 O-O 6. Be2 d5 7. O-O dxc4 8.
Bxc4 Bg4 9. Qb3 Bxf3 10. Qxf3 Nc6 11. Rd1 Rb8 12. Be3 a6 13. Nc3 Nb4 14. Bb3
Nc6 15. Ne4 Nxe4 16. Qxe4 Bf6 17. Rab1 g6 18. Bh6 Re8 19. Qd5 Qxd5 20. Bxd5
Nxd4 21. Rd2 c6 22. Bc4 b5 23. Bf1 c5 24. b3 c4 25. Be3 Nf5 26. Bf4 Rbd8 27.
Rbd1 Nd4 28. Be3 Nc2 29. Rd6 Rxd6 30. Rxd6 Re6 31. Bc5 Rxd6 32. Bxd6 Bc3 33.
Bd3 cxd3 34. Kf1 Bb4 35. Bxb4 Nxb4 36. a3 Nc2 37. f3 a5 38. Kf2 b4 39. axb4
axb4 40. Kg3 d2 41. Kf4 d1=Q 42. h4 Qd4+ 43. Kg3 h5 44. Kh3 Qf4 45. g3 Qxf3 0-1

[Event "C.to Provinciale CO"]
[Site "Como ITA"]
[Date "2012.01.21"]
[Round "1"]
[White "Lipari, Alberto"]
[Black "Bernasconi, Roberto"]
[WhiteElo "1624"]
[BlackElo "1925"]
[Result "0-1"]
[PlyCount "84"]
[EventDate "2012.01.21"]

1. c4 e5 2. Nc3 Nf6 3. g3 Nc6 4. Bg2 d6 5. d3 Be7 6. Bg5 O-O 7. Nf3 Re8 8. O-O
Bg4 9. Bxf6 Bxf6 10. Rb1 g6 11. h3 Bd7 12. Nd5 Bg7 13. b4 Qc8 14. Kh2 Ne7 15.
Nxe7+ Rxe7 16. Nd2 Rb8 17. f4 Qe8 18. e4 b6 19. f5 f6 20. Qb3 Kh8 21. fxg6 Qxg6
22. Nf3 Rg8 23. Nh4 Qg5 24. Nf3 Qh5 25. Qd1 Bh6 26. Nh4 Qg5 27. Rf3 f5 28. Qe1
f4 29. Nf5 Bxf5 30. exf5 Qxf5 31. g4 Qg6 32. Qe4 Qg7 33. Re1 Bg5 34. a4 Bh4 35.
Re2 h5 36. gxh5 Qg5 37. h6 Qxh6 38. Bf1 Reg7 39. d4 Bf6 40. c5 exd4 41. Rxf4
Be5 42. Kh1 Rg1+ 0-1

[Event "C.to Provinciale CO"]
[Site "Como ITA"]
[Date "2012.01.21"]
[Round "1"]
[White "Mason, Giovanni"]
[Black "Gonella, Daniele"]
[WhiteElo "1714"]
[BlackElo "2100"]
[Result "0-1"]
[PlyCount "78"]
[EventDate "2012.01.21"]

1. e4 e5 2. Nf3 Nc6 3. Bc4 Bc5 4. d3 d6 5. c3 Nf6 6. Bg5 h6 7. Bxf6 Qxf6 8. a4
a5 9. Nbd2 g5 10. O-O Bg4 11. Qb3 Bb6 12. Bb5 O-O 13. h3 Be6 14. Bc4 Bd7 15.
Nh2 Kg7 16. Qd1 Rae8 17. g4 Nd8 18. Kg2 Ne6 19. Bxe6 fxe6 20. f3 d5 21. Rh1 Bc6
22. Qe2 Qf4 23. Nhf1 dxe4 24. dxe4 Rd8 25. b3 Rf7 26. Rd1 Rfd7 27. h4 gxh4 28.
Rxh4 Rd3 29. Rh2 Be3 30. Nc4 Rxd1 31. Nfxe3 R1d3 32. Qe1 Rf8 33. Rh3 b6 34. Qe2
Rxc3 35. Nf1 Rxf3 36. Rxf3 Bxe4 37. Nh2 Rd8 38. Kh3 Bxf3 39. Nxf3 e4 0-1

[Event "C.to Provinciale CO"]
[Site "Como ITA"]
[Date "2012.01.21"]
[Round "1"]
[White "Moroni, Luca jr"]
[Black "Poletto, Daniele"]
[WhiteElo "2061"]
[BlackElo "1714"]
[Result "1/2-1/2"]
[PlyCount "212"]
[EventDate "2012.01.21"]

1. e4 c5 2. Nf3 e6 3. d4 cxd4 4. Nxd4 a6 5. Nc3 Qc7 6. Be2 Nf6 7. O-O b5 8. Bf3
Bb7 9. e5 b4 10. exf6 bxc3 11. Bxb7 Qxb7 12. fxg7 Bxg7 13. bxc3 O-O 14. Ba3 Re8
15. Qd3 d5 16. Rab1 Qc7 17. Qg3 Qxg3 18. fxg3 Rc8 19. Rb3 Nd7 20. Ne2 Nf6 21.
Rb7 Rcb8 22. Rfb1 Rxb7 23. Rxb7 Ne4 24. Rb3 Rc8 25. Bb4 Rc6 26. Ba3 Rc8 27. Bb4
Rc6 28. Ba5 Rc8 29. a4 h6 30. g4 Be5 31. g3 Kg7 32. Kg2 Rc4 33. Rb4 Rc6 34. Rb3
Rc4 35. Bb4 a5 36. Bxa5 Rxa4 37. Bb6 Rc4 38. Ba5 Ra4 39. Bb6 Rc4 40. Be3 Nxc3
41. Nxc3 Rxc3 42. Rxc3 Bxc3 43. Kf3 Kg6 44. h4 h5 45. Bg5 Be5 46. gxh5+ Kxh5
47. g4+ Kg6 48. Be3 Bf6 49. h5+ Kh7 50. g5 Bb2 51. Kg4 Bc3 52. Kf3 Be5 53. Bf4
Bd4 54. Be3 Be5 55. Ke2 Bc3 56. Kd3 Bg7 57. c4 dxc4+ 58. Kxc4 Bf8 59. Kd4 Bg7+
60. Kc5 Bf8+ 61. Kc6 Kg8 62. Kd7 Bb4 63. Bd4 Bd2 64. Bf6 Bc1 65. Kd6 Bd2 66.
Kc5 Bc1 67. Kc4 Bd2 68. Kd3 Bc1 69. Ke4 Bd2 70. Kf3 Bc1 71. Ke2 Bf4 72. Kf3 Bc1
73. Kg4 Kh7 74. Be5 Bd2 75. Bf4 Bc3 76. Be3 Bb2 77. Kf4 Ba1 78. Ke4 Bg7 79. Bd4
Bf8 80. Bc3 Be7 81. Bd2 Bd8 82. Ke5 Be7 83. Be3 Kg8 84. Bd2 Kg7 85. Be3 Kh7 86.
Kf4 Bd6+ 87. Kg4 Bc7 88. Bd4 Bd8 89. Bc5 Bc7 90. Be7 Be5 91. Kf3 Bb2 92. Ke4
Ba1 93. Bd6 Bb2 94. Bc5 Bc3 95. Bd6 Bb2 96. Bb4 Bc1 97. Be7 Bd2 98. Ke5 Bc3+
99. Kd6 Kg8 100. Kd7 Bd2 101. Bf6 Bc1 102. Ke8 Bd2 103. h6 Be3 104. Ke7 Bd2
105. h7+ Kxh7 106. Kxf7 Bxg5 1/2-1/2

[Event "C.to Provinciale CO"]
[Site "Como ITA"]
[Date "2012.01.21"]
[Round "1"]
[White "Nastasi, Ivano"]
[Black "Corti, Massimo"]
[WhiteElo "1713"]
[BlackElo "2013"]
[Result "0-1"]
[PlyCount "91"]
[EventDate "2012.01.21"]

1. d4 e6 2. c4 Nf6 3. Nc3 b6 4. e4 Bb4 5. Bg5 h6 6. Bxf6 Qxf6 7. a3 Bxc3+ 8.
bxc3 e5 9. Nf3 Nc6 10. dxe5 Nxe5 11. Nxe5 Qxe5 12. Qd4 f6 13. Rc1 Bb7 14. f3
Qa5 15. Ra1 O-O-O 16. Be2 f5 17. O-O Rde8 18. Bd3 fxe4 19. Bxe4 Ba6 20. Rfd1
Re7 21. Qd5 Qxd5 22. cxd5 d6 23. Rab1 Bb7 24. c4 Re5 25. a4 a5 26. Rd2 Ba6 27.
Rd4 Rhe8 28. Rc1 Kd8 29. Rc3 Bc8 30. Kf2 g5 31. g4 Rf8 32. Re3 Bxg4 33. Kg3 Bd7
34. c5 dxc5 35. Rc4 Rf4 36. Rb3 Ke7 37. h3 Kd6 38. Rbc3 Rh4 39. Rc1 Rxh3+ 40.
Kg2 Rh4 41. Kg3 Bf5 42. Rf1 Bxe4 43. fxe4 Rexe4 44. Rf6+ Kxd5 45. Rxe4 Rxe4 46.
Rxh6 0-1

[Event "C.to Provinciale CO"]
[Site "Como ITA"]
[Date "2012.01.21"]
[Round "1"]
[White "Parenti, Davide"]
[Black "Carbone, Lorenzo"]
[WhiteElo "2011"]
[BlackElo "1698"]
[Result "1-0"]
[PlyCount "81"]
[EventDate "2012.01.21"]

1. d4 d5 2. c4 e6 3. Nc3 Nf6 4. cxd5 exd5 5. Bg5 Be7 6. e3 O-O 7. Bd3 h6 8. Bh4
b6 9. Nf3 Bb7 10. O-O Nbd7 11. Rc1 c6 12. a3 Ne4 13. Bxe7 Nxc3 14. Bxd8 Nxd1
15. Rfxd1 Rfxd8 16. b4 a5 17. Bf5 axb4 18. axb4 Ra4 19. b5 Nb8 20. Ne5 Rd6 21.
h4 Ra2 22. Bg4 f6 23. Nd3 Ra5 24. bxc6 Nxc6 25. Rb1 Ne7 26. Nb4 f5 27. Bf3 g5
28. hxg5 hxg5 29. Rdc1 Bc6 30. Nxc6 Nxc6 31. Rxb6 g4 32. Bxd5+ Raxd5 33. Rbxc6
Kf7 34. Rxd6 Rxd6 35. Rc5 Kf6 36. g3 Rb6 37. Rc2 Ke6 38. f3 gxf3 39. Kf2 Kf6
40. Kxf3 Kg5 41. Rc5 1-0

[Event "C.to Provinciale CO"]
[Site "Como ITA"]
[Date "2012.01.21"]
[Round "1"]
[White "Petetta, Roberto"]
[Black "Cocconcelli, Lorenzo"]
[WhiteElo "1650"]
[BlackElo "1941"]
[Result "0-1"]
[PlyCount "74"]
[EventDate "2012.01.21"]

1. e4 e6 2. d4 d5 3. e5 c5 4. c3 Nc6 5. Nf3 Qb6 6. Bd3 Bd7 7. Bc2 cxd4 8. cxd4
Nb4 9. O-O Nxc2 10. Qxc2 Ne7 11. Nc3 Nf5 12. Be3 Bb4 13. a3 Be7 14. Na4 Qb5 15.
Nc3 Qc4 16. Rac1 Rc8 17. Qd2 Qb3 18. Bg5 Bxg5 19. Nxg5 Rc4 20. Nf3 O-O 21. Qc2
Qxc2 22. Rxc2 Nxd4 23. Nxd4 Rxd4 24. Rfc1 Rc4 25. b3 Rc6 26. Ne2 f6 27. Rxc6
bxc6 28. exf6 gxf6 29. Nd4 Kf7 30. Rc2 Rc8 31. b4 e5 32. Nb3 Ke7 33. Nc5 Rb8
34. Kf1 Rb5 35. Ke2 a5 36. Rb2 axb4 37. Rxb4 Rxc5 0-1

[Event "C.to Provinciale CO"]
[Site "Como ITA"]
[Date "2012.01.21"]
[Round "1"]
[White "Primerano, Carlo"]
[Black "Bettinelli, Sergio"]
[WhiteElo "1774"]
[BlackElo "1284"]
[Result "1-0"]
[PlyCount "79"]
[EventDate "2012.01.21"]

1. d4 Nf6 2. c4 d6 3. Nc3 g6 4. e4 Nbd7 5. f3 Bg7 6. Be3 b6 7. Qd2 O-O 8. Bd3
c5 9. Nge2 a6 10. Bh6 e5 11. d5 Rb8 12. Bxg7 Kxg7 13. g4 Ng8 14. h4 Ndf6 15.
Ng3 Bd7 16. O-O-O b5 17. h5 b4 18. Nce2 a5 19. hxg6 fxg6 20. Rh2 Kf7 21. g5 Nh5
22. Nxh5 gxh5 23. Rxh5 Ne7 24. Rxh7+ Ke8 25. f4 Ng6 26. f5 Nf4 27. Nxf4 exf4
28. Qxf4 Qb6 29. Rdh1 Kd8 30. R1h6 b3 31. a3 a4 32. Qxd6 Qxd6 33. Rxd6 Rb7 34.
g6 Rg8 35. e5 Ke8 36. f6 Kf8 37. Rdxd7 Rb8 38. g7+ Ke8 39. e6 Rf8 40. Bg6+ 1-0

[Event "C.to Provinciale CO"]
[Site "Como ITA"]
[Date "2012.01.21"]
[Round "1"]
[White "Rossi, Giampiero"]
[Black "Rossini, Fulvio"]
[WhiteElo "1913"]
[BlackElo "1616"]
[Result "1/2-1/2"]
[PlyCount "98"]
[EventDate "2012.01.21"]

1. d4 e6 2. c4 d5 3. Nc3 c6 4. e4 dxe4 5. Nxe4 Bb4+ 6. Nc3 Nf6 7. Qd3 c5 8.
dxc5 Bxc5 9. Qxd8+ Kxd8 10. Bg5 Bd7 11. Nf3 Nc6 12. Be2 h6 13. Bh4 g5 14. Bg3
Ke7 15. O-O Nh5 16. Ne4 Nxg3 17. hxg3 Bb6 18. Rfd1 Rad8 19. c5 Bc7 20. a3 Bc8
21. Nc3 a6 22. Kf1 Ne5 23. Rxd8 Rxd8 24. Rd1 Rxd1+ 25. Nxd1 f5 26. Ke1 Nxf3+
27. Bxf3 g4 28. Be2 Bd7 29. Kd2 Kf6 30. Ke3 Ke5 31. Nc3 h5 32. f4+ Kf6 33. Bc4
Bc6 34. Kf2 Ke7 35. b4 Be8 36. a4 Bd7 37. Bb3 b6 38. Ne2 bxc5 39. bxc5 Ba5 40.
Nd4 Bb4 41. c6 Bc5 42. cxd7 Bxd4+ 43. Ke2 Kxd7 44. Bc4 a5 45. Bb5+ Kd6 46. Be8
Bc3 47. Bxh5 Bb4 48. Bf7 Bc3 49. Be8 Bb4 1/2-1/2

[Event "C.to Provinciale CO"]
[Site "Como ITA"]
[Date "2012.01.21"]
[Round "1"]
[White "Villa, Giorgio"]
[Black "Puppi, Simone"]
[WhiteElo "1938"]
[BlackElo "1648"]
[Result "1-0"]
[PlyCount "71"]
[EventDate "2012.01.21"]

1. d4 d5 2. Nf3 e6 3. c4 c6 4. e3 Nf6 5. Bd3 Be7 6. O-O O-O 7. Nc3 b6 8. e4
dxe4 9. Nxe4 Nxe4 10. Bxe4 Nd7 11. Bxc6 Rb8 12. Bf4 Rb7 13. Bxb7 Bxb7 14. Re1
Nf6 15. Qd3 Bxf3 16. gxf3 Nh5 17. Qe4 Bd6 18. Bxd6 Qxd6 19. Qe5 Qxe5 20. Rxe5
Nf4 21. Rd1 Rd8 22. Re4 g5 23. Re3 Kg7 24. Kf1 Kf6 25. Rc3 h5 26. Rcc1 g4 27.
fxg4 hxg4 28. c5 bxc5 29. dxc5 Rh8 30. Rc4 Kf5 31. c6 Rxh2 32. Rxf4+ Kxf4 33.
c7 g3 34. fxg3+ Kf3 35. Rd3+ Ke4 36. Rc3 1-0

[Event "C.to Provinciale CO"]
[Site "Como ITA"]
[Date "2012.01.22"]
[Round "2"]
[White "Bassoli, Andrea D."]
[Black "Nastasi, Ivano"]
[WhiteElo "1518"]
[BlackElo "1713"]
[Result "1/2-1/2"]
[PlyCount "102"]
[EventDate "2012.01.21"]

1. e4 e5 2. Nf3 Nf6 3. d3 Nc6 4. Nc3 Bb4 5. Bd2 d6 6. Be2 h6 7. O-O Be6 8. a3
Bc5 9. b4 Bd4 10. Nxd4 Nxd4 11. Rc1 Qd7 12. Be3 Nxe2+ 13. Nxe2 Qa4 14. Nc3 Qd7
15. f3 O-O 16. d4 Qe8 17. Qd3 Nh7 18. Nb5 Qb8 19. c4 a6 20. Nc3 f5 21. d5 Bd7
22. c5 f4 23. Bf2 Qe8 24. Kh1 Rf7 25. Ne2 g5 26. g4 Nf6 27. Kg2 Nxg4 28. Rh1 a5
29. cxd6 Nxf2 30. Kxf2 cxd6 31. bxa5 Bb5 32. Qd2 Bxe2 33. Kxe2 Qb5+ 34. Kf2
Qxa5 35. Qxa5 Rxa5 36. Rc8+ Kg7 37. Rc3 h5 38. h3 Rb5 39. Rc2 Rd7 40. Rg1 Kh6
41. a4 Rb3 42. Rg2 Ra3 43. Rc4 Ra2+ 44. Kg1 Rxg2+ 45. Kxg2 Rg7 46. Rc8 Rd7 47.
Rg8 h4 48. a5 Rc7 49. Ra8 Rc2+ 50. Kg1 Rc1+ 51. Kg2 Rc2+ 1/2-1/2

[Event "C.to Provinciale CO"]
[Site "Como ITA"]
[Date "2012.01.22"]
[Round "2"]
[White "Bellotto, Stefano"]
[Black "Colombo, Luca"]
[WhiteElo "2000"]
[BlackElo "1887"]
[Result "0-1"]
[PlyCount "118"]
[EventDate "2012.01.21"]

1. d4 Nf6 2. c4 e5 3. dxe5 Ng4 4. Nf3 Bc5 5. e3 Nc6 6. Nc3 O-O 7. Be2 Ngxe5 8.
O-O Re8 9. a3 a5 10. b3 Nxf3+ 11. Bxf3 Ne5 12. Bb2 Nxf3+ 13. Qxf3 Ra6 14. Nd5
Rh6 15. Qg3 Rg6 16. Qxc7 Qg5 17. Qg3 Qf5 18. Qh4 Bd6 19. e4 Qe6 20. e5 Bxe5 21.
Rfe1 f6 22. Nf4 Rg4 23. Nxe6 Rxh4 24. Bxe5 Rxe6 25. Bc7 a4 26. f4 axb3 27. Rxe6
dxe6 28. Rb1 Rh5 29. Bd6 Bd7 30. Rxb3 Bc6 31. Re3 Kf7 32. g4 Ra5 33. Bb4 Ra8
34. Rd3 Re8 35. Rd6 e5 36. f5 g6 37. fxg6+ hxg6 38. Kf2 Rh8 39. Kg3 f5 40. h4
f4+ 41. Kh3 f3 42. g5 Re8 43. Kg3 Re6 44. Rd8 Re8 45. Rd6 Re6 46. Rd8 e4 47.
Rf8+ Kg7 48. Rf4 e3 49. Be1 f2 50. Bxf2 exf2 51. Kxf2 Re4 52. Rxe4 Bxe4 53. Ke3
Bc6 54. Kd4 Kf7 55. Kc5 Ke6 56. Kb6 Kf5 57. a4 Bxa4 58. Kxb7 Kg4 59. h5 Kxh5
0-1

[Event "C.to Provinciale CO"]
[Site "Como ITA"]
[Date "2012.01.22"]
[Round "2"]
[White "Bettinelli, Sergio"]
[Black "Petetta, Roberto"]
[WhiteElo "1284"]
[BlackElo "1650"]
[Result "0-1"]
[PlyCount "68"]
[EventDate "2012.01.21"]

1. e4 c5 2. d4 cxd4 3. c3 dxc3 4. Nxc3 e6 5. Nf3 Be7 6. Bc4 d6 7. O-O Nc6 8.
Bb3 Nf6 9. Bc2 O-O 10. Bd2 a6 11. Re1 Qc7 12. e5 dxe5 13. Ne4 Bd7 14. Neg5 Rac8
15. Re4 Nxe4 16. Nxe4 f5 17. Ng3 Nd4 18. Nxd4 exd4 19. Rc1 Qd8 20. Nh5 e5 21.
Rb1 Be6 22. Bb3 Rc6 23. Bxe6+ Rxe6 24. Qb3 Qd7 25. Qa3 Bf6 26. Qb3 Kh8 27. Qa3
Be7 28. Qg3 g6 29. Bh6 Rg8 30. Nf4 exf4 31. Bxf4 Bd6 32. Qg5 Bxf4 33. Qxf4 Rge8
34. Kf1 Qb5+ 0-1

[Event "C.to Provinciale CO"]
[Site "Como ITA"]
[Date "2012.01.22"]
[Round "2"]
[White "Cocconcelli, Lorenzo"]
[Black "Primerano, Carlo"]
[WhiteElo "1941"]
[BlackElo "1774"]
[Result "0-1"]
[PlyCount "138"]
[EventDate "2012.01.21"]

1. d4 Nf6 2. c4 e6 3. g3 d5 4. Nf3 c6 5. Bg2 Be7 6. O-O O-O 7. Nbd2 b6 8. Ne5
Bb7 9. b3 dxc4 10. Ndxc4 Nfd7 11. Bb2 f6 12. Nd3 Re8 13. Nf4 Nf8 14. e4 Na6 15.
a4 Nc7 16. Rc1 c5 17. d5 exd5 18. exd5 Bd6 19. Ne2 Ng6 20. f4 Ne7 21. Nc3 Nf5
22. Ne4 Bf8 23. Qg4 Nd4 24. Bxd4 cxd4 25. Ncd2 Nxd5 26. Qh3 Rc8 27. Rxc8 Bxc8
28. Qh5 Ne3 29. Re1 Bb4 30. Qb5 Be7 31. Qd3 Nxg2 32. Kxg2 Bb7 33. Kg1 Bb4 34.
Qc4+ Bd5 35. Qxb4 f5 36. Qxd4 fxe4 37. Nc4 Ba8 38. Rd1 Qxd4+ 39. Rxd4 Kf8 40.
Kf2 g6 41. Ke3 Re7 42. Rd8+ Re8 43. Rd4 Bc6 44. Rd6 Rc8 45. Kd4 Ke7 46. Ke5
Bxa4 47. Re6+ Kd7 48. Rd6+ Ke7 49. Re6+ Kd7 50. Rd6+ Ke7 51. Ne3 Bxb3 52. Rd4
Rc5+ 53. Kxe4 Bc2+ 54. Kf3 Rc3 55. Kf2 Rc5 56. Kf3 Bb3 57. g4 a5 58. f5 a4 59.
Rb4 b5 60. Kf4 Bf7 61. g5 gxf5 62. Nxf5+ Kd7 63. Rd4+ Kc7 64. Ne3 a3 65. Rd1 b4
66. Ke4 a2 67. Kd4 Kc6 68. Rf1 b3 69. Rf6+ Kb5 0-1

[Event "C.to Provinciale CO"]
[Site "Como ITA"]
[Date "2012.01.22"]
[Round "2"]
[White "Corti, Filippo"]
[Black "Cacia, Vincenzo"]
[WhiteElo "1673"]
[BlackElo "1392"]
[Result "1-0"]
[PlyCount "89"]
[EventDate "2012.01.21"]

1. Nf3 Nc6 2. d4 d5 3. g3 Bf5 4. Bg2 e6 5. O-O Nb4 6. Na3 Qd7 7. Ne5 Qd6 8. c3
f6 9. cxb4 fxe5 10. Qa4+ c6 11. b5 exd4 12. Qxd4 Nf6 13. Bf4 Qc5 14. Qxc5 Bxc5
15. bxc6 bxc6 16. Rac1 Bxa3 17. bxa3 Rc8 18. Bd6 Nd7 19. Bc5 a6 20. Rc3 Ne5 21.
Bd4 Ng6 22. Bxg7 Rg8 23. Bh6 c5 24. Rfc1 c4 25. Be3 Kf7 26. f3 h5 27. Bg5 Rb8
28. e4 dxe4 29. fxe4 Bg4 30. Rxc4 Ne7 31. Bh4 Rge8 32. Rc7 Kf8 33. Rf1+ Nf5 34.
exf5 Bxf5 35. Bh3 Rb5 36. Bxf5 exf5 37. Rh7 Ree5 38. Rxh5 Kg7 39. Rg5+ Kf7 40.
g4 Rbd5 41. Rgxf5+ Rxf5 42. Rxf5+ Rxf5 43. gxf5 a5 44. f6 a4 45. Kf2 1-0

[Event "C.to Provinciale CO"]
[Site "Como ITA"]
[Date "2012.01.22"]
[Round "2"]
[White "Corti, Massimo"]
[Black "Guzzetti, Luigi Enrico"]
[WhiteElo "2013"]
[BlackElo "1905"]
[Result "0-1"]
[PlyCount "80"]
[EventDate "2012.01.21"]

1. d4 Nf6 2. Nf3 g6 3. g3 Bg7 4. Bg2 O-O 5. O-O d6 6. c4 c6 7. b3 Nbd7 8. Bb2
Qc7 9. Nbd2 Re8 10. Qc2 e5 11. dxe5 dxe5 12. e4 c5 13. Nb1 Nb8 14. Nc3 Nc6 15.
Nd5 Qd6 16. Rad1 Nd4 17. Nxd4 exd4 18. Ba3 Nxd5 19. cxd5 b6 20. f4 Ba6 21. Rfe1
Rac8 22. h4 d3 23. Rxd3 Bxd3 24. Qxd3 Bd4+ 25. Kh2 Rcd8 26. e5 Qb8 27. Rd1 b5
28. Qe4 b4 29. Bc1 a5 30. Rxd4 cxd4 31. Qxd4 Qc8 32. Bb2 f6 33. exf6 Kf7 34. d6
Re2 35. Kg1 Rxg2+ 36. Kxg2 Qc6+ 37. Kh2 Qxd6 38. Qc4+ Qd5 39. Qc7+ Rd7 40. Qc8
Qe6 0-1

[Event "C.to Provinciale CO"]
[Site "Como ITA"]
[Date "2012.01.22"]
[Round "2"]
[White "Crippa, Matteo"]
[Black "Ghelfi, Giancarlo"]
[WhiteElo "1508"]
[BlackElo "1689"]
[Result "1-0"]
[PlyCount "115"]
[EventDate "2012.01.21"]

1. e4 c5 2. Nf3 d6 3. d4 cxd4 4. Nxd4 Nf6 5. Nc3 a6 6. Bg5 e6 7. f4 h6 8. Bh4
Nbd7 9. Qf3 e5 10. Nb3 exf4 11. Bxf6 Qxf6 12. O-O-O Ne5 13. Nd5 Qg5 14. Qxf4
Qxf4+ 15. Nxf4 Bg4 16. Nd5 Rc8 17. Rd2 Be6 18. Kb1 Bxd5 19. Rxd5 Be7 20. Be2
O-O 21. g4 Rc7 22. h4 Rfc8 23. c3 Ng6 24. g5 Nf4 25. Rd2 hxg5 26. hxg5 Bxg5 27.
Bg4 Rd8 28. Nd4 Re8 29. Rdh2 Ng6 30. Bf5 Bh6 31. Rg1 Ne5 32. Rxh6 Ng6 33. Rh2
Re5 34. Nf3 Rb5 35. Kc1 a5 36. a3 Nf4 37. Kc2 g6 38. Bg4 Rc4 39. Nd4 Rbc5 40.
Ne2 Rxe4 41. Nxf4 Rxf4 42. Be2 a4 43. Rf1 Re4 44. Rhf2 Re7 45. Bf3 d5 46. Rd1
Rd7 47. Rfd2 d4 48. Rxd4 Re7 49. Rxa4 Rf5 50. Rd3 b5 51. Rb4 Re1 52. Bc6 Re2+
53. Rd2 Ree5 54. Rd8+ Kg7 55. Rb8 Re2+ 56. Kb1 g5 57. R4xb5 Re1+ 58. Ka2 1-0

[Event "C.to Provinciale CO"]
[Site "Como ITA"]
[Date "2012.01.22"]
[Round "2"]
[White "Falchi, Claudio"]
[Black "Coppola, Guido"]
[WhiteElo "1777"]
[BlackElo "1987"]
[Result "0-1"]
[PlyCount "78"]
[EventDate "2012.01.21"]

1. e4 c5 2. Nc3 d6 3. g3 Nc6 4. Bg2 g6 5. d3 Bg7 6. f4 e6 7. Nf3 Nge7 8. O-O
O-O 9. Be3 f5 10. e5 dxe5 11. Nxe5 Nxe5 12. fxe5 Bxe5 13. Bxc5 Bd6 14. d4 e5
15. Nb5 Bxc5 16. dxc5 e4 17. Qxd8 Rxd8 18. Rfd1 Bd7 19. Bf1 g5 20. Bc4+ Kg7 21.
Rd6 Bxb5 22. Bxb5 Rxd6 23. cxd6 Nc6 24. Rd1 Rd8 25. c4 Ne5 26. c5 Kf6 27. Kf2
f4 28. gxf4 gxf4 29. Rd4 Ng4+ 30. Ke2 Ke5 31. Ra4 Nxh2 32. Rxa7 f3+ 33. Kd2 Kd4
34. Rxb7 e3+ 35. Kc2 Kxc5 36. Rxh7 Kxb5 37. Rxh2 f2 38. Rh5+ Kc6 39. Kd3 Rxd6+
0-1

[Event "C.to Provinciale CO"]
[Site "Como ITA"]
[Date "2012.01.22"]
[Round "2"]
[White "Gonella, Daniele"]
[Black "Bernasconi, Roberto"]
[WhiteElo "2100"]
[BlackElo "1925"]
[Result "1-0"]
[PlyCount "107"]
[EventDate "2012.01.21"]

1. e4 e5 2. Bc4 Nf6 3. d3 Be7 4. Nf3 Nc6 5. c3 O-O 6. O-O d5 7. exd5 Nxd5 8.
Re1 Bf6 9. Nbd2 Nf4 10. Ne4 Ng6 11. Nfg5 h6 12. Qh5 Nh8 13. Nxf6+ Qxf6 14. Ne4
Qf5 15. Qxf5 Bxf5 16. Nc5 Rab8 17. Bd5 Rfd8 18. Bxc6 bxc6 19. Rxe5 Bxd3 20. b3
Ng6 21. Re1 Rd5 22. Be3 Bf5 23. c4 Rdd8 24. Rad1 Rxd1 25. Rxd1 a5 26. f3 h5 27.
Kf2 Ra8 28. Rd4 f6 29. g4 hxg4 30. fxg4 Bc8 31. Kg3 Kf7 32. h3 Ke7 33. Kf3 Ne5+
34. Ke4 g5 35. Bxg5 Nxg4 36. hxg4 fxg5 37. Ke5 Ra7 38. Re4 Ra8 39. Kd4+ Kf7 40.
Nd3 Ra6 41. Kc5 Bb7 42. Re5 Kg6 43. Rf5 a4 44. b4 Bc8 45. Ne5+ Kh6 46. Rf8 Bb7
47. Rg8 Ra8 48. Nf7+ Kh7 49. Rxa8 Bxa8 50. Nxg5+ Kg6 51. Ne6 Bb7 52. Nxc7 Kg5
53. Kb6 Bc8 54. Kxc6 1-0